000 00805nas a2200265 4500
001 BR0101059
003 BR-BrBNA
005 20231205102106.0
007 ta
008 230509b bl.|||p| |||| 00| 00por d
040 _aBR-BrBNA
_bpor
_cBiblioteca Nacional de Agricultura
041 _a(Pt)
072 _aF08
100 1 _aRodrigues, E.J.R.
100 1 _aMinami, K.
100 1 _aFarina, E.
245 1 _aCultivo hidroponico da roseira com recirculo prolongado e com emprego de baixa tecnologia
650 _aRosa
650 _aCultivo Hidroponico
650 _aSolucao Nutritiva
650 _aCusto de Producao
773 0 _tScientia Agricola (Brazil)
_xISSN 0103-9016
_g(Oct-Dec 1999), v. 56(4) p. 1081-1089
_wBR0101059
909 _a202311
_bLúcia
_c55
_dLúcia Elande
942 _2AGRIS
_n0
_cANA
999 _c165695
_d165695